Josh Malih Abadi :Malih Abad sy Islamabad Tak / (Record no. 613063)

000 -LEADER
fixed length control field 00554nam a22001337a 4500
082 ## - DEWEY DECIMAL CLASSIFICATION NUMBER
Classification number 891.4391
Author Mark FAR
245 ## - TITLE STATEMENT
Title Josh Malih Abadi :Malih Abad sy Islamabad Tak /
Remainder of title By: Farrukh Jamal Malih Abadi
260 ## - PUBLICATION, DISTRIBUTION, ETC.
Place of publication, distribution, etc. اسلام آباد:
Name of publisher, distributor, etc. پورب اکیڈمی ,
Date of publication, distribution, etc. 2014
300 ## - PHYSICAL DESCRIPTION
Extent 128p.;
563 ## - BINDING INFORMATION
Binding note Hardcover
880 ## - ALTERNATE GRAPHIC REPRESENTATION
Linkage 100-01\r
Title فرخ جمال ملیح آبادی
880 ## - ALTERNATE GRAPHIC REPRESENTATION
Linkage 245-02\r
Title جوش ملیح آبادی "ملیح آباد سے اسلام آباد تک: رودادِ سفر، ملازمتیں اور قیام گاہیں
942 ## - ADDED ENTRY ELEMENTS (KOHA)
Source of classification or shelving scheme
Koha item type Book
Holdings
Withdrawn status Lost status Source of classification or shelving scheme Damaged status Not for loan Permanent Location Current Location Date acquired Source of acquisition Total Checkouts Full call number Barcode Date last seen Price effective from Koha item type
          Central Library (CL) Central Library (CL) 03/03/2025 Donation   891.4391 FAR CL-D-2680 03/03/2025 03/03/2025 Book
© 2023 Central Library, National University of Sciences and Technology. All Rights Reserved.